What Did You Call My Book? Quiz Stats

Quiz Updated Dec 6, 2014

Also try: Babelfish Movies
Challenge
Share
Tweet
Embed
Score 0/30 Timer 08:00
3 Plays Today
% Correct
Cien años de soledad
95.5%
El ingenioso hidalgo don Quijote de la Mancha
89.8%
Le tour du monde en quatre-vingts jours
89.2%
Il nome della rosa
88.4%
L'Étranger
86.8%
Il Principe
86.6%
La casa de los espíritus
86%
Im Westen nichts Neues
85%
Bodas de sangre
84.6%
Der Process
78.8%
O Alquimista
75.7%
Война и миръ
75.7%
Ὀδύσσεια
74.8%
À la recherche du temps perdu
73%
Das Glasperlenspiel
72.5%
% Correct
Huis-clos
71.1%
Преступлéние и наказáние
71%
Den lille havfrue
70.2%
Frygt og Bæven
69.9%
Jenseits von Gut und Böse: Vorspiel einer Philosophie der Zukunft
67.1%
Πολιτεία
61.8%
道德經
61%
Män som hatar kvinnor
58.7%
Nesnesitelná lehkost bytí
55.6%
Архипелаг ГУЛАГ
52.2%
Ἱστορίαι
51.2%
孫子兵法
50.8%
Der Zauberberg
50.3%
ノルウェイの森
48.4%
Et dukkehjem
44.2%

You're not logged in!

Compare scores with friends on all Sporcle quizzes.
Sign Up with Email
OR
Log In

You Might Also Like...

Show Comments

Extras

Top Quizzes Today


Score Distribution

Your Account Isn't Verified!

In order to create a playlist on Sporcle, you need to verify the email address you used during registration. Go to your Sporcle Settings to finish the process.